| 000 | 00410nam a2200157Ia 4500 | ||
|---|---|---|---|
| 008 | 230516s9999 xx 000 0 und d | ||
| 041 | _aeng | ||
| 082 |
_a519.5 _bCAM/SWI |
||
| 100 | _aCAMPNELL M. J., SWINSCOW T. D. V. | ||
| 245 | _aSTATISTICS AT SQUARE ONE | ||
| 260 |
_bVIVA BOOKS PVT. LTD. _c2008 |
||
| 300 | _a158 | ||
| 365 | _h10% | ||
| 520 | _aBSTAT | ||
| 650 | _aBIOSTATISTICS & RESEARCH METHODOLOGY | ||
| 999 |
_c368603 _d368603 |
||